| 000 | 00990nam a2200205 a 4500 | ||
|---|---|---|---|
| 001 | 000041933 | ||
| 005 | 20201002035835.0 | ||
| 008 | 131023s2003 sp 000 0 spa d | ||
| 020 | _a840008151X | ||
| 245 | 0 |
_aVida y obra del Rvdmo. P. M. Fray Martín Sarmiento (1695-1772) : _bsacada a la letra de un manuscrito anónimo de S. XVIII / _cedición de Isidro García Tato y Felipe Valdés Hansen ; prólogo, Eduardo Pardo de Guevara y Valdés. |
|
| 260 |
_aSantiago de Compostela : _bInstituto de Estudios Gallegos "Padre Sarmiento", _c2003.a. |
||
| 300 |
_aXXXVIII, 352 p. : _bil. ; _c25 cm. |
||
| 504 | _aIncluye referencias bibliográficas y notas al pie de las páginas | ||
| 500 | _aIncluye índice | ||
| 700 | 1 |
_aGuevara y Valdés, Eduardo Pardo _epról. _968840 |
|
| 700 | 1 |
_aGarcía Tato, Isidro, _eed. _968500 |
|
| 700 | 1 |
_aValdés Hansen, Felipe _d1975- _eed. _968841 |
|
| 710 | 2 |
_aInstituto Padre Sarmiento de Estudios Gallegos (Santiago de Compostela), _968842 |
|
| 999 |
_c41422 _d41422 |
||
| 040 | _aDO-SdBNP | ||